Hunger Games, Matrix ou Retour vers le futur ? - Statistiques

Statistiques générales
  • Ce quiz a été pris 165 fois
  • Le résultat moyen est 49 sur 100
Statistiques - réponses
Hint Réponse % Correct
Katniss Everdeen Hunger Games
72%
Mme Everdeen et Primrose Everdeen Hunger Games
71%
Coriolanus Snow Hunger Games
70%
Marty McFly Retour vers le futur
70%
George McFly Retour vers le futur
70%
Dave et Linda McFly Retour vers le futur
69%
Peeta Mellark Hunger Games
67%
Finnick Odair Hunger Games
67%
L'Analyste Matrix
66%
Lorraine Baines-McFly Retour vers le futur
66%
Haymitch Abernathy Hunger Games
65%
Seneca Crane Hunger Games
64%
Gale Hawthorne Hunger Games
63%
La Renarde Hunger Games
63%
Plutarch Heavensbee Hunger Games
63%
Neo / Thomas A. Anderson Matrix
63%
Docteur Emmett Brown, dit « Doc » Retour vers le futur
63%
Biff Tannen Retour vers le futur
63%
Caesar Flickerman Hunger Games
62%
Effie Trinket Hunger Games
61%
Cinna Hunger Games
61%
Annie Cresta Hunger Games
61%
Johanna Mason Hunger Games
61%
La Présidente Alma Coin Hunger Games
61%
Morpheus Matrix
61%
Agent Smith Matrix
61%
Cato Hadley Hunger Games
60%
Rue Hunger Games
60%
Proviseur Gerald Strickland Retour vers le futur
60%
Agent Johnson Matrix
59%
Clove Hunger Games
58%
Cressida Hunger Games
58%
Thresh Hunger Games
57%
Flavius Hunger Games
57%
Trinity Matrix
57%
L'opérateur de la porte de Sion Matrix
57%
« Pa » Peabody, dit « le vieux Peabody » Retour vers le futur
57%
Cypher Matrix
56%
Castor, Pollux et Messalla Hunger Games
55%
Le Mérovingien Matrix
55%
Claudius Templesmith Hunger Games
54%
Glimmer Hunger Games
54%
Enobaria Hunger Games
54%
Wiress Hunger Games
54%
Persephone Matrix
54%
l'Oracle Matrix
53%
Sati Matrix
53%
Jennifer Parker Retour vers le futur
53%
Ghost Matrix
52%
AK Matrix
52%
Beetee Hunger Games
51%
Link Matrix
51%
Bufford « Molosse » Tannen Retour vers le futur
51%
Octavia Hunger Games
50%
Cashmere Hunger Games
50%
Séraphin Matrix
50%
Marvin Berry Retour vers le futur
50%
Douglas Needles Retour vers le futur
50%
Niobe Matrix
49%
Apoc Matrix
47%
Gloss Hunger Games
46%
Tank Matrix
46%
Mifune Matrix
46%
Rama-Kandra Matrix
46%
Le terroriste libyen avec l'AK-47 et le terroriste libyen qui conduit la fourgonnette Retour vers le futur
46%
Clara Clayton Retour vers le futur
46%
Lock Matrix
45%
Zee Matrix
43%
Roland Matrix
43%
Cas Matrix
43%
James Strickland Retour vers le futur
43%
Marvel Hunger Games
41%
Ripper Hunger Games
40%
le Kid Matrix
38%
Officier Wirtz Matrix
38%
Sam,Stella, Milton et Sally Baines Retour vers le futur
38%
Goldie Wilson Retour vers le futur
38%
Cray Hunger Games
37%
Bugs Matrix
37%
Commandant Lyme Hunger Games
35%
Danny Parker Retour vers le futur
35%
Conseiller West Matrix
34%
Antonius Hunger Games
33%
Colt Matrix
33%
Conseiller Hamann Matrix
33%
Edward Hubert Retour vers le futur
29%
Officier Reese Retour vers le futur
28%
Atala Hunger Games
26%
Officier Foley Retour vers le futur
25%
Mark Dixon Retour vers le futur
24%
Mme Dillard Matrix
23%
Lou Carruthers Retour vers le futur
23%
Chester Retour vers le futur
23%
Skinhead Retour vers le futur
21%
Betty Retour vers le futur
21%
Babs Retour vers le futur
19%
3-D Retour vers le futur
17%
Ito T. Fujitsu Retour vers le futur
16%
Maggie Matrix
14%
Match Retour vers le futur
13%
Aucun quiz correspondant
Distribution des résultats
% des personnes avec chaque résultat
Percentile par nombre de réponses
Votre historique - résultats
Vous n’avez pas pris ce quiz